=LDR 00000nam 2200000 4500 =001 INLIS000000000008086 =005 20130612100009 =008 ***********************************Ind** =035 ##$$0010-061300000008086 =041 ##$$a Ind =082 ##$$a F Rom D =090 ##$$a F Rom D, Dha l =100 ##$$a Dharma, S. Satya =245 ##$$a Lie jangan bilang aku cinta, S. Satya Dharma =260 ##$$a 2000 $b Jakarta =300 ##$$a vi, 152 hlm, 19 cm =650 ##$$a Fiksi dewasa-Indonesia